[Event "Albacete op 17th"]
[Site "Albacete"]
[Date "2009.09.04"]
[Round "6"]
[White "Villasenor Rubio, Emilio Jose"]
[Black "Larios Crespo, Manuel"]
[Result "1/2-1/2"]
[WhiteElo "1963"]
[BlackElo "2105"]
[PlyCount "136"]
[EventDate "2009.09.01"]
[EventType "swiss"]
[EventRounds "9"]
[EventCountry "ESP"]
[SourceTitle "CBM 132 Extra"]
[Source "ChessBase"]
[SourceDate "2009.11.03"]
[SourceVersion "1"]
[SourceVersionDate "2009.11.03"]
[SourceQuality "1"]

1. e4 d6 2. d4 g6 3. c4 Bg7 4. Nf3 Nf6 5. Nc3 0-0 6. Be2 e5 7. 0-0 exd4 8. Nxd4 Re8 9. f3 c6 10. Kh1 Nbd7 11. Bg5 h6 12. Bh4 g5 13. Bg3 Ne5 14. Qd2 Nh5 15. Rad1 Nxg3+ 16. hxg3 Ng6 17. Nf5 Bxf5 18. exf5 Ne7 19. g4 Be5 20. Ne4 Qb6 21. b3 d5 22. Nxg5 dxc4 23. Ne4 Kh7 24. bxc4 Rad8 25. Qc2 c5 26. f4 Bd4 27. Rf3 Nc6 28. f6 Kg8 29. a3 Na5 30. Rh3 Qb2 31. Qxb2 Bxb2 32. Rxd8 Rxd8 33. Rxh6 Bxa3 34. Ng5 Rd4 35. Bf3 Nxc4 36. Rh7 Nd6 37. Rg7+ Kf8 38. Nh7+ Ke8 39. g5 c4 40. g6 c3 41. Rg8+ Kd7 42. Nf8+ Kc7 43. gxf7 c2 44. Ne6+ Kb6 45. f8Q c1Q+ 46. Kh2 Nf5 47. Qf7 Nd6 48. Qd7 Rxf4 49. Nxf4 Qxf4+ 50. Kh3 Qxf6 51. Rg4 Bc5 52. Qh7 a5 53. Bxb7 a4 54. Rxa4 Nxb7 55. Rg4 Bd6 56. Qb1+ Kc7 57. Qh7+ Kc6 58. Qe4+ Kb6 59. Qd4+ Qxd4 60. Rxd4 Kc6 61. g4 Nd8 62. g5 Ne6 63. Rg4 Be7 64. g6 Bf6 65. Kg2 Kd6 66. Kf3 Ke5 67. Re4+ Kf5 68. Rxe6 Kxe6 1/2-1/2

[Event "Albacete op 16th"]
[Site "Albacete"]
[Date "2008.09.03"]
[Round "5"]
[White "Kovacevic, Slobodan"]
[Black "Larios Crespo, Manuel"]
[Result "1-0"]
[WhiteElo "2417"]
[BlackElo "2127"]
[PlyCount "139"]
[EventDate "2008.09.01"]
[EventType "swiss"]
[EventRounds "9"]
[EventCountry "ESP"]
[SourceTitle "CBM 126 Extra"]
[Source "ChessBase"]
[SourceDate "2008.11.05"]
[SourceVersion "1"]
[SourceVersionDate "2008.11.05"]
[SourceQuality "1"]

1. d4 c5 2. e3 Nf6 3. c3 b6 4. Nd2 Bb7 5. Ngf3 g6 6. Bd3 Bg7 7. e4 d6 8. 0-0 0-0 9. Qe2 Nbd7 10. Re1 cxd4 11. cxd4 e5 12. dxe5 dxe5 13. Nb3 Qe7 14. Bg5 h6 15. Bxf6 Nxf6 16. Nfd2 Nh5 17. g3 Qg5 18. h4 Qe7 19. Ba6 Bxa6 20. Qxa6 Kh7 21. Qe2 a5 22. Nc4 Qb4 23. Kg2 a4 24. Nbd2 Rad8 25. a3 Qb5 26. Nf3 f6 27. Rac1 Rf7 28. Rc2 Bf8 29. Ne3 Qxe2 30. Rexe2 Bc5 31. Nd5 Ng7 32. Rc4 Ne6 33. Rxa4 g5 34. hxg5 hxg5 35. Re1 Nd4 36. Nxd4 Bxd4 37. Ne3 Bxb2 38. Re2 Bd4 39. Nf5 Bc5 40. Ra6 Rfd7 41. Ne3 Rd2 42. Ra7+ R8d7 43. Rxd7+ Rxd7 44. Ng4 Kg6 45. Re1 Bxa3 46. Rh1 Rd6 47. Rh8 Bc5 48. Kh3 b5 49. Rg8+ Kf7 50. Nh6+ Ke6 51. Nf5 Rb6 52. Rc8 Bxf2 53. Rc7 Bc5 54. Rxc5 Rb7 55. Rc6+ Kd7 56. Rd6+ Kc7 57. Rd1 b4 58. Rc1+ Kb6 59. Ne3 Kb5 60. Kg4 b3 61. Kf5 Rb6 62. Nd5 Rc6 63. Rb1 Kc4 64. Nxf6 Rb6 65. Nd5 Rb8 66. Kxe5 Kd3 67. Rb2 Re8+ 68. Kf5 Rf8+ 69. Kxg5 Kxe4 70. Nf6+ 1-0

[Event "La Roda op 33rd"]
[Site "La Roda"]
[Date "2006.04.14"]
[Round "5.16"]
[White "Larino Nieto, David"]
[Black "Larios Crespo, Manuel"]
[Result "0-1"]
[WhiteElo "2385"]
[BlackElo "2137"]
[PlyCount "128"]
[EventDate "2006.04.12"]
[EventType "swiss"]
[EventRounds "9"]
[EventCountry "ESP"]
[SourceTitle "CBM 111 Extra"]
[Source "ChessBase"]
[SourceDate "2006.05.09"]
[SourceVersion "1"]
[SourceVersionDate "2006.05.09"]
[SourceQuality "1"]

1. e4 c5 2. d3 Nc6 3. g3 g6 4. Bg2 Bg7 5. Nc3 e6 6. Be3 Nd4 7. Nce2 Ne7 8. c3 Nxe2 9. Nxe2 b6 10. Qd2 Bb7 11. Bh6 Nf5 12. exf5 Bxh6 13. Qxh6 Bxg2 14. Rg1 Bf3 15. Nf4 Qf6 16. g4 Qe5+ 17. Kd2 g5 18. Nh3 Qe2+ 19. Kc1 0-0-0 20. Nxg5 exf5 21. gxf5 Qxf2 22. Nxf3 Qxf3 23. Kc2 Rhg8 24. Qd2 Rxg1 25. Rxg1 Re8 26. Rg3 Qxf5 27. Qg2 Kc7 28. Rf3 Qe6 29. Qg3+ Kc8 30. a3 Re7 31. Qg8+ Kb7 32. Rf2 a5 33. Qg2+ Ka7 34. Qg3 d6 35. Rf4 Qe2+ 36. Kb3 Qd1+ 37. Ka2 a4 38. Qf2 Re2 39. Rxa4+ Kb8 40. Qf4 Qxd3 41. Qh6 Qd5+ 42. c4 Qc6 43. Kb3 b5 44. Ra5 bxc4+ 45. Ka2 c3 46. Qf8+ Re8 47. Qxf7 cxb2 48. Qb3+ Kc8 49. Qh3+ Kd8 50. Qd3 c4 51. Qxh7 c3 52. Qh4+ Kc7 53. Qh7+ Kc8 54. Qh3+ Kb8 55. Qd3 Re5 56. Rxe5 dxe5 57. Qd8+ Kb7 58. Qe7+ Ka6 59. Qf7 b1Q+ 60. Kxb1 Qe4+ 61. Kc1 Qe3+ 62. Kc2 Qd2+ 63. Kb3 Qb2+ 64. Kc4 Qa2+ 0-1

[Event "Albacete op 13th"]
[Site "Albacete"]
[Date "2005.09.02"]
[Round "2"]
[White "Rivas Pastor, Manuel"]
[Black "Larios Crespo, Manuel"]
[Result "1-0"]
[WhiteElo "2445"]
[BlackElo "2108"]
[PlyCount "59"]
[EventDate "2005.09.01"]
[EventType "swiss"]
[EventRounds "9"]
[EventCountry "ESP"]
[SourceTitle "CBM 108 Extra"]
[Source "ChessBase"]
[SourceDate "2005.11.04"]
[SourceVersion "1"]
[SourceVersionDate "2005.11.04"]
[SourceQuality "1"]

1. e4 c5 2. Nf3 d6 3. Bb5+ Nc6 4. 0-0 Bd7 5. Re1 Nf6 6. c3 g6 7. h3 Bg7 8. d4 cxd4 9. cxd4 d5 10. e5 Ne4 11. Bd3 f5 12. exf6 Bxf6 13. Nc3 Nxc3 14. bxc3 Qc7 15. Qb3 0-0-0 16. Rb1 Na5 17. Qa3 Bf5 18. Bxf5+ gxf5 19. Bf4 Qxf4 20. Qxa5 a6 21. Ne5 Bxe5 22. Rxe5 Rd7 23. Qc5+ Rc7 24. Qxd5 Rd8 25. Qe6+ Kb8 26. Rxf5 Qd2 27. Qxa6 Qc2 28. Rfb5 Rdd7 29. R5b3 e5 30. Qe6 1-0

[Event "La Roda op 32nd"]
[Site "La Roda"]
[Date "2005.03.24"]
[Round "2"]
[White "Belezky, Alexander"]
[Black "Larios Crespo, Manuel"]
[Result "1-0"]
[WhiteElo "2399"]
[BlackElo "2110"]
[PlyCount "57"]
[EventDate "2005.03.23"]
[EventType "swiss"]
[EventRounds "9"]
[EventCountry "ESP"]
[SourceTitle "CBM 105 Extra"]
[Source "ChessBase"]
[SourceDate "2005.05.01"]
[SourceVersion "1"]
[SourceVersionDate "2005.05.01"]
[SourceQuality "1"]

1. Nf3 Nf6 2. g3 g6 3. b4 Bg7 4. Bb2 0-0 5. c4 d5 6. cxd5 Nxd5 7. Bxg7 Kxg7 8. Qb3 Qd6 9. a3 a5 10. b5 Nd7 11. Nc3 c6 12. bxc6 bxc6 13. Bg2 Rb8 14. Qc2 Ba6 15. Ne4 Qc7 16. d3 Rfc8 17. 0-0 c5 18. Nc3 Nxc3 19. Qxc3+ Kg8 20. Nd2 Qe5 21. Qxa5 Qxe2 22. Rfe1 Qxd3 23. Bf1 Qd4 24. Bxa6 Ra8 25. Qb5 Rcb8 26. Qd3 Rb2 27. Rad1 Qxd3 28. Bxd3 Rxa3 29. Nc4 1-0

[Event "Cullera op-A 25th"]
[Site "Cullera"]
[Date "2004.07.22"]
[Round "3"]
[White "Garcia Gata, Jorge David"]
[Black "Larios Crespo, Manuel"]
[Result "0-1"]
[WhiteElo "2064"]
[BlackElo "2177"]
[PlyCount "68"]
[EventDate "2004.07.??"]
[EventType "swiss"]
[EventRounds "9"]
[EventCountry "ESP"]
[SourceTitle "CBM 101 Extra"]
[Source "ChessBase"]
[SourceDate "2004.09.01"]
[SourceVersion "2"]
[SourceVersionDate "2004.09.01"]
[SourceQuality "1"]

1. d4 Nf6 2. c4 g6 3. Nc3 Bg7 4. e4 d6 5. Be2 0-0 6. Be3 Nbd7 7. g4 e5 8. g5 Ne8 9. d5 f5 10. gxf6 Nexf6 11. h4 Nc5 12. Bf3 c6 13. b4 Na6 14. a3 cxd5 15. cxd5 h5 16. Ra2 Ng4 17. Bxg4 Bxg4 18. f3 Bd7 19. Rg2 Kh7 20. Qd2 Rc8 21. Bf2 Qc7 22. Nge2 Rxf3 23. Rxg6 Bg4 24. Nb5 Qc2 25. Rxg7+ Kxg7 26. Qg5+ Kh7 27. 0-0 Rg8 28. Qe7+ Rg7 29. Nbd4 exd4 30. Nxd4 Qxf2+ 31. Rxf2 Rg3+ 32. Kh2 Rh3+ 33. Kg1 Rxe7 34. Nb5 Bf3 0-1

[Event "La Roda op 31st"]
[Site "La Roda"]
[Date "2004.04.11"]
[Round "8"]
[White "Tyomkin, Dimitri"]
[Black "Larios Crespo, Manuel"]
[Result "1-0"]
[WhiteElo "2503"]
[BlackElo "2177"]
[PlyCount "85"]
[EventDate "2004.04.07"]
[EventType "swiss"]
[EventRounds "9"]
[EventCountry "ESP"]
[SourceTitle "CBM 099 Extra"]
[Source "ChessBase"]
[SourceDate "2004.05.04"]
[SourceVersion "1"]
[SourceVersionDate "2004.05.04"]
[SourceQuality "1"]

1. e4 c5 2. Nc3 Nc6 3. Nf3 g6 4. Bb5 Bg7 5. Bxc6 bxc6 6. 0-0 d6 7. h3 Nh6 8. d3 0-0 9. Be3 f6 10. Nd2 Nf7 11. Rb1 Qc7 12. Ne2 Rb8 13. b3 Nd8 14. f4 f5 15. Ng3 fxe4 16. Ndxe4 Ne6 17. f5 Nd4 18. fxg6 Rxf1+ 19. Qxf1 hxg6 20. Ng5 Nf5 21. Nxf5 gxf5 22. Qf3 e5 23. Qh5 Bf8 24. Rf1 Qg7 25. h4 Bd7 26. Bd2 Be7 27. Nh3 Rf8 28. Bg5 f4 29. Bxe7 Qxe7 30. Ng5 Qg7 31. g3 Rf6 32. Qf3 Qg6 33. Rf2 Kg7 34. Rg2 d5 35. gxf4 Rxf4 36. Ne6+ Bxe6 37. Rxg6+ Kxg6 38. Qe3 Kf5 39. Qxc5 d4 40. Qxc6 Rg4+ 41. Kf2 Rxh4 42. Ke1 Rh2 43. Qf3+ 1-0

[Event "Internet Section 10A g/8'+2\""]
[Site "Dos Hermanas"]
[Date "2004.03.10"]
[Round "1"]
[White "Bachmann, Axel"]
[Black "Larios Crespo, Manuel"]
[Result "1/2-1/2"]
[WhiteElo "2205"]
[BlackElo "2122"]
[PlyCount "152"]
[EventDate "2004.03.10"]
[EventType "swiss (blitz)"]
[EventRounds "9"]
[EventCountry "ESP"]
[SourceTitle "EXT 2005"]
[Source "ChessBase"]
[SourceDate "2004.11.15"]
[SourceVersion "1"]
[SourceVersionDate "2004.11.15"]
[SourceQuality "1"]

1. e4 c5 2. Nc3 Nc6 3. g3 e6 4. Bg2 Nf6 5. f4 d5 6. e5 Nd7 7. Nf3 f6 8. exf6 Nxf6 9. d3 Bd6 10. 0-0 0-0 11. Re1 Re8 12. Ne5 Bxe5 13. fxe5 Nd7 14. Bf4 a6 15. Qg4 Kh8 16. Kh1 Nf8 17. h4 Ng6 18. h5 Nxf4 19. gxf4 Ne7 20. Rg1 Nf5 21. Bh3 Qh4 22. Qxh4 Nxh4 23. Rg4 Nf5 24. Rag1 Re7 25. Rg5 Nd4 26. R1g2 b5 27. Nd1 Bb7 28. c3 Nf3 29. R5g3 d4 30. Rf2 Nxe5+ 31. Kh2 Nf7 32. Re2 Rae8 33. cxd4 cxd4 34. Rf2 Bd5 35. b3 Nh6 36. Rg5 Nf7 37. Rg1 Nd6 38. Rg5 h6 39. Re5 Nf7 40. Re1 e5 41. Rfe2 e4 42. Bg2 Nd6 43. dxe4 d3 44. Re3 Nf5 45. Rxd3 Bxe4 46. Bxe4 Rxe4 47. Rxe4 Rxe4 48. Rf3 Re2+ 49. Rf2 Rxf2+ 50. Nxf2 Ne3 51. Ne4 Nc2 52. Kg3 Nb4 53. Nc3 Kg8 54. Kf3 Kf7 55. Ke4 Ke6 56. Kd4 Kf5 57. Kc5 Nd3+ 58. Kb6 Nxf4 59. Kxa6 Nxh5 60. Kxb5 g5 61. Kc4 g4 62. Kd3 Kf4 63. Ke2 Ng3+ 64. Kf2 Ne4+ 65. Nxe4 Kxe4 66. Kg3 h5 67. a4 Kd5 68. a5 Kc5 69. b4+ Kb5 70. Kh4 Ka6 71. Kg3 Kb5 72. Kf4 Ka6 73. Ke4 Kb5 74. Kf4 Ka6 75. Ke4 Kb5 76. Kf4 Ka6 1/2-1/2

[Event "Internet Section 10A g/8'+2\""]
[Site "Dos Hermanas"]
[Date "2004.03.10"]
[Round "3"]
[White "Logdahl, Harald"]
[Black "Larios Crespo, Manuel"]
[Result "1-0"]
[WhiteElo "2233"]
[BlackElo "2122"]
[PlyCount "31"]
[EventDate "2004.03.10"]
[EventType "swiss (blitz)"]
[EventRounds "9"]
[EventCountry "ESP"]
[SourceTitle "EXT 2005"]
[Source "ChessBase"]
[SourceDate "2004.11.15"]
[SourceVersion "1"]
[SourceVersionDate "2004.11.15"]
[SourceQuality "1"]

1. e4 c5 2. c4 Nc6 3. Nc3 e6 4. g3 Nf6 5. Bg2 d5 6. d3 d4 7. Nce2 e5 8. f4 Bd6 9. Nf3 0-0 10. 0-0 exf4 11. gxf4 Bg4 12. e5 Bxf3 13. Bxf3 Bxe5 14. fxe5 Nxe5 15. Nf4 h5 16. Nxh5 1-0

[Event "Internet Section 10A g/8'+2\""]
[Site "Dos Hermanas"]
[Date "2004.03.10"]
[Round "9"]
[White "Szmetan, Ricardo"]
[Black "Larios Crespo, Manuel"]
[Result "1/2-1/2"]
[WhiteElo "2322"]
[BlackElo "2122"]
[PlyCount "181"]
[EventDate "2004.03.10"]
[EventType "swiss (blitz)"]
[EventRounds "9"]
[EventCountry "ESP"]
[SourceTitle "EXT 2005"]
[Source "ChessBase"]
[SourceDate "2004.11.15"]
[SourceVersion "1"]
[SourceVersionDate "2004.11.15"]
[SourceQuality "1"]

1. e4 c5 2. Nf3 d6 3. d4 cxd4 4. Qxd4 Bd7 5. Bg5 Nc6 6. Qe3 Nf6 7. Nc3 e6 8. 0-0-0 a6 9. Bc4 Qc7 10. Bxf6 gxf6 11. Bb3 h5 12. Kb1 0-0-0 13. Rhe1 Kb8 14. Nh4 Na5 15. f4 Nxb3 16. axb3 Bc6 17. f5 d5 18. fxe6 fxe6 19. exd5 exd5 20. Nf5 Bb4 21. Nd4 Rhe8 22. Nxc6+ Qxc6 23. Qg3+ Ka8 24. Rxe8 Rxe8 25. Nxd5 Ba5 26. b4 Bd8 27. b3 Re2 28. Nc3 Re8 29. Qf3 Qxf3 30. gxf3 Bc7 31. h3 b5 32. Nd5 Bd8 33. c4 Kb7 34. c5 Kc6 35. Nxf6 Rf8 36. Rd6+ Kb7 37. Nd5 a5 38. c6+ Kc8 39. bxa5 Bxa5 40. c7 Kb7 41. b4 Bxc7 42. Rd7 Kc6 43. Rxc7+ Kxd5 44. Rc5+ Kd6 45. Rxb5 Rxf3 46. Rxh5 Rb3+ 47. Kc2 Rxb4 48. Rf5 Ke6 49. Rf3 Re4 50. Kd3 Re1 51. Kd2 Re5 52. h4 Rh5 53. Rf4 Ke5 54. Ke3 Rh8 55. Kf3 Rh5 56. Kg3 Rf5 57. Ra4 Kf6 58. Kg4 Rf1 59. Ra6+ Kg7 60. Kg5 Rg1+ 61. Kh5 Kh7 62. Ra7+ Rg7 63. Ra6 Rg2 64. Ra5 Rg7 65. Rg5 Rxg5+ 66. hxg5 Kg7 67. g6 Kg8 68. Kg5 Kg7 69. Kf5 Kg8 70. Kf6 Kf8 71. Kf5 Kg8 72. Kg4 Kg7 73. Kh5 Kg8 74. Kg5 Kg7 75. Kf5 Kg8 76. Kf6 Kf8 77. Kf5 Kg7 78. Kg5 Kg8 79. Kh6 Kh8 80. Kh5 Kg7 81. Kg5 Kg8 82. Kf5 Kg7 83. Kg5 Kg8 84. Kf6 Kf8 85. Ke6 Kg7 86. Kf5 Kg8 87. Kg4 Kg7 88. Kg5 Kg8 89. Kh6 Kh8 90. g7+ Kg8 91. Kg6 1/2-1/2

[Event "Internet Section 07A g/8'+2\""]
[Site "Dos Hermanas"]
[Date "2004.03.07"]
[Round "4"]
[White "Frey Perez, Hugo"]
[Black "Larios Crespo, Manuel"]
[Result "1-0"]
[WhiteElo "2346"]
[BlackElo "2122"]
[PlyCount "73"]
[EventDate "2004.03.07"]
[EventType "swiss (blitz)"]
[EventRounds "9"]
[EventCountry "ESP"]
[SourceTitle "CBM 099 Extra"]
[Source "ChessBase"]
[SourceDate "2004.05.04"]
[SourceVersion "1"]
[SourceVersionDate "2004.05.04"]
[SourceQuality "1"]

1. e4 c5 2. Nf3 d6 3. d4 cxd4 4. Nxd4 Nf6 5. Nc3 a6 6. Be3 e5 7. Nb3 Be6 8. Qd2 Be7 9. f3 Nbd7 10. g4 Nb6 11. 0-0-0 0-0 12. g5 Nh5 13. Rg1 Rc8 14. h4 Nc4 15. Bxc4 Rxc4 16. Nd5 Bxd5 17. Qxd5 Qc7 18. Rg2 Rc8 19. Qd3 b5 20. Kb1 a5 21. Rc1 a4 22. Nd2 Rc6 23. a3 Qa5 24. Nf1 Nf4 25. Bxf4 exf4 26. Qd2 Qb6 27. c3 Rc4 28. Rd1 d5 29. exd5 Bd6 30. Nh2 Qe3 31. Re2 Qb6 32. Ng4 Qc7 33. h5 Kf8 34. h6 gxh6 35. Nxh6 Qd7 36. Qd3 Bxa3 37. Qxh7 1-0

[Event "Internet Section 07A g/8'+2\""]
[Site "Dos Hermanas"]
[Date "2004.03.07"]
[Round "3"]
[White "Larios Crespo, Manuel"]
[Black "Korobkin, Maxim"]
[Result "0-1"]
[WhiteElo "2122"]
[BlackElo "2170"]
[PlyCount "66"]
[EventDate "2004.03.07"]
[EventType "swiss (blitz)"]
[EventRounds "9"]
[EventCountry "ESP"]
[SourceTitle "CBM 099 Extra"]
[Source "ChessBase"]
[SourceDate "2004.05.04"]
[SourceVersion "1"]
[SourceVersionDate "2004.05.04"]
[SourceQuality "1"]

1. e4 e5 2. Nf3 Nc6 3. Bb5 a6 4. Ba4 d6 5. c3 Bd7 6. d4 Nge7 7. 0-0 Ng6 8. dxe5 dxe5 9. Bb3 Be7 10. Be3 Kf8 11. Nbd2 h5 12. Bd5 h4 13. b4 h3 14. g3 Bf6 15. Qb3 Qe8 16. Ng5 Nd8 17. f4 c6 18. f5 cxd5 19. fxg6 fxg6 20. exd5 Bf5 21. Nde4 Nf7 22. Nxf6 gxf6 23. Ne6+ Kg8 24. Nc7 Qc8 25. Nxa8 Qxa8 26. Rad1 b5 27. Bc5 Kg7 28. Rf2 Ng5 29. Rdf1 Ne4 30. Rxf5 gxf5 31. Rxf5 Rd8 32. Qd1 Qxd5 33. Qg4+ Kf7 0-1

[Event "Internet Section 06A g/8'+2\""]
[Site "Dos Hermanas"]
[Date "2004.03.06"]
[Round "1"]
[White "Eren, Baran"]
[Black "Larios Crespo, Manuel"]
[Result "1-0"]
[WhiteElo "2468"]
[BlackElo "2122"]
[PlyCount "93"]
[EventDate "2004.03.06"]
[EventType "swiss (blitz)"]
[EventRounds "9"]
[EventCountry "ESP"]
[SourceTitle "CBM 099 Extra"]
[Source "ChessBase"]
[SourceDate "2004.05.04"]
[SourceVersion "1"]
[SourceVersionDate "2004.05.04"]
[SourceQuality "1"]

1. e4 c5 2. Nf3 d6 3. d4 cxd4 4. Nxd4 Nf6 5. Nc3 g6 6. Bc4 Bg7 7. 0-0 0-0 8. Re1 Re8 9. h3 a6 10. Bb3 b5 11. a4 b4 12. Nd5 Bb7 13. Bg5 Nxd5 14. Bxd5 Qb6 15. Be3 Qc7 16. Qd2 Nc6 17. Bxc6 Bxc6 18. Qxb4 Bxe4 19. Qd2 Rab8 20. b3 e5 21. Ne2 Qxc2 22. Qxd6 Qxb3 23. Qxa6 Bd3 24. Qa5 e4 25. Nd4 Qb4 26. Qxb4 Rxb4 27. Nc6 Bxa1 28. Nxb4 Bc3 29. Nxd3 exd3 30. Rd1 Rd8 31. f3 Kf8 32. Kf2 Ke8 33. Bb6 Rd5 34. Ke3 d2 35. Ke2 Kd7 36. Be3 Ra5 37. Bxd2 Bxd2 38. Rxd2+ Kc6 39. Rd4 Kc5 40. Re4 f5 41. Re5+ Kb4 42. Rxa5 Kxa5 43. Ke3 Kxa4 44. Kf4 h6 45. Ke5 Kb4 46. Kf6 Kc4 47. Kxg6 1-0

[Event "Narciso Yepes Memorial"]
[Site "Lorca"]
[Date "2004.??.??"]
[Round "6"]
[White "Larios Crespo, Manuel"]
[Black "Kovacevic, Slobodan"]
[Result "1-0"]
[WhiteElo "2177"]
[BlackElo "2396"]
[PlyCount "83"]
[EventDate "2004.06.26"]
[EventType "swiss"]
[EventRounds "9"]
[EventCountry "ESP"]
[SourceTitle "EXT 2005"]
[Source "ChessBase"]
[SourceDate "2004.11.15"]
[SourceVersion "1"]
[SourceVersionDate "2004.11.15"]
[SourceQuality "1"]

1. e4 c5 2. Nf3 e6 3. d4 cxd4 4. Nxd4 a6 5. Bd3 Nf6 6. f4 d6 7. Qf3 g6 8. h3 Bg7 9. Be3 Nbd7 10. Nc3 Nh5 11. Nde2 0-0 12. g4 Nhf6 13. h4 h5 14. gxh5 Nxh5 15. 0-0-0 Qc7 16. Bd4 Bxd4 17. Nxd4 Kh8 18. f5 Ne5 19. Qe3 Kg7 20. Be2 Rh8 21. Rdg1 Bd7 22. Rg5 Nf6 23. h5 Kf8 24. fxg6 fxg6 25. Rf1 Kg7 26. Nf3 Be8 27. Qf4 Nfd7 28. Nxe5 dxe5 29. Qg4 Nf8 30. Qf3 Nh7 31. hxg6 Bxg6 32. Rxg6+ Kxg6 33. Qh3 Kg7 34. Rg1+ Kf8 35. Qh6+ Ke7 36. Rg7+ Kd6 37. Rxc7 Kxc7 38. Qxe6 Rae8 39. Nd5+ Kb8 40. Qd6+ Ka8 41. Nc7+ Ka7 42. Nxe8 1-0

[Event "Benidorm Bali op-A"]
[Site "Benidorm"]
[Date "2003.11.25"]
[Round "6"]
[White "Larios Crespo, Manuel"]
[Black "Andersen, Alf Roger"]
[Result "0-1"]
[WhiteElo "2122"]
[BlackElo "2192"]
[PlyCount "44"]
[EventDate "2003.11.21"]
[EventType "swiss"]
[EventRounds "9"]
[EventCountry "ESP"]
[SourceTitle "CBM 097 Extra"]
[Source "ChessBase"]
[SourceDate "2004.01.13"]
[SourceVersion "1"]
[SourceVersionDate "2004.01.13"]
[SourceQuality "1"]

1. e4 c5 2. Nf3 d6 3. d4 cxd4 4. Nxd4 Nf6 5. Nc3 g6 6. Be3 Bg7 7. f3 Nc6 8. Qd2 0-0 9. 0-0-0 Bd7 10. g4 Rc8 11. h4 Ne5 12. h5 Nxf3 13. Nxf3 Bxg4 14. Be2 Bxh5 15. Nd4 Bxe2 16. Ndxe2 Ng4 17. Bd4 Ne5 18. Qe3 Nc4 19. Qh3 h5 20. Rdg1 e5 21. Nf4 h4 22. Ne6 exd4 0-1

[Event "Albacete op 11th"]
[Site "Albacete"]
[Date "2003.09.05"]
[Round "7"]
[White "Saldano Dayer, Horacio"]
[Black "Larios Crespo, Manuel"]
[Result "1-0"]
[WhiteElo "2419"]
[BlackElo "2122"]
[PlyCount "91"]
[EventDate "2003.09.01"]
[EventType "swiss"]
[EventRounds "9"]
[EventCountry "ESP"]
[SourceTitle "CBM 096 Extra"]
[Source "ChessBase"]
[SourceDate "2003.10.22"]
[SourceVersion "2"]
[SourceVersionDate "2003.10.20"]
[SourceQuality "1"]

1. d4 Nf6 2. Nf3 g6 3. g3 d5 4. Bg2 Bg7 5. c4 dxc4 6. Qa4+ Nc6 7. Ne5 0-0 8. Nxc6 bxc6 9. Qxc4 Be6 10. Qxc6 Bd5 11. Bxd5 Qxd5 12. Qxd5 Nxd5 13. 0-0 Nb4 14. Na3 Bxd4 15. Nc4 Rfd8 16. Bd2 Rab8 17. Rfd1 Nc6 18. Rab1 Ne5 19. Nxe5 Bxe5 20. b3 Kf8 21. Be3 a6 22. Rbc1 Ke8 23. Re1 Rd5 24. Rc4 Kd7 25. Rec1 a5 26. g4 Rb4 27. g5 Ke6 28. Kg2 f5 29. f4 Bd4 30. Rc6+ Rd6 31. Bd2 Rb5 32. Rxc7 Bb6 33. R7c6 Rbd5 34. Rxd6+ Kxd6 35. Rc2 e5 36. fxe5+ Kxe5 37. Kf3 Bg1 38. Bf4+ Ke6 39. e3 Rd1 40. Rc6+ Kd7 41. Rc7+ Kd8 42. Rc2 Rf1+ 43. Kg2 Re1 44. Rc3 Kd7 45. a3 Ke6 46. Rd3 1-0